|
|
|
|
| LEADER |
01431nam a2200349 a 4500 |
| 001 |
38374 |
| 003 |
BD-DhAAL |
| 005 |
20220419152009.0 |
| 008 |
220419t1999 ilua b 001 0 eng d |
| 999 |
|
|
|c 44121
|d 44121
|
| 010 |
|
|
|a 98037666
|
| 020 |
|
|
|a 9780143427667
|
| 020 |
|
|
|a 0226310477 (cloth : alk. paper)
|
| 020 |
|
|
|a 0226310485 (pbk. : alk. paper)
|
| 040 |
|
|
|a DLC
|c DLC
|d DLC
|d BD-DhAAL
|
| 043 |
|
|
|a a-ii---
|
| 050 |
0 |
0 |
|a GN21.E48
|b G84 1999
|
| 082 |
0 |
0 |
|a 301.092
|2 21
|
| 100 |
1 |
|
|a Guha, Ramachandra.
|9 48129
|
| 245 |
1 |
0 |
|a Savaging the civilized :
|b Verrier Elwin, his tribals, and India /
|c Ramachandra Guha.
|
| 260 |
|
|
|a Chicago :
|b University of Chicago Press,
|c c2014.
|
| 300 |
|
|
|a xx, 403 pages :
|b illustrations ;
|c 24 cm.
|
| 504 |
|
|
|a Includes bibliographical references (pages [353]-385) and index.
|
| 541 |
|
|
|a Donated By Akbar Ali Khan
|e 38374
|
| 600 |
1 |
0 |
|a Elwin, Verrier,
|d 1902-1964.
|9 48130
|
| 650 |
|
0 |
|a Anthropologists
|z India
|x Biography.
|9 48131
|
| 650 |
|
0 |
|a Poets, Indic
|y 20th century
|x Biography.
|9 48132
|
| 650 |
|
0 |
|a Baiga (Indic people)
|x Social life and customs.
|9 48133
|
| 650 |
|
0 |
|a Gond (Indic people)
|x Social life and customs.
|9 48134
|
| 852 |
|
|
|a Ayesha Abed Library
|c Akbar Ali Khan Collection
|
| 942 |
|
|
|2 ddc
|c BK
|
| 952 |
|
|
|0 0
|1 0
|2 ddc
|4 0
|6 301_092000000000000_GUH
|7 1
|9 70533
|a BRACUL
|b BRACUL
|c CS1
|d 2022-04-19
|e Donated by Akbar Ali Khan
|l 0
|o 301.092 GUH
|p 3010038374
|r 2022-04-19
|t 1
|w 2022-04-19
|y BK
|